00443 2200181 4500001002100000008004100021035002000062245004300082100002500125250000600150260003700156300001200193084001400205082000800219650001000227990001200237990001200249INLIS000000000000927 ind  a0010-0524000162 aOne Second AftercWilliam R. Forstchen aForstchen, William R a1 aYogyakarta :bSheila/ Andic2009 a512 hlm a813 WIL o a813 aFiksi a0741608 a0741609